000 00471nam a2200193Ia 4500
005 20240823021812.0
008 240823s9999||||xx |||||||||||||| ||und||
041 _aENGLISH
082 _A536.7 L7
100 _aKhandelwal D P
245 0 _aElements of Thermodynamics and Statistical Physics
250 _a1st
260 _c1977
_bShiv Lal Agra
500 _aYES
650 _aThermodynamics
_bPhysics
700 _a Lokanathan S
942 _cBK
999 _c177771
_d177771